[Event "Lueneburg op-B"]
[Site "Lueneburg"]
[Date "2015.08.21"]
[Round "7"]
[White "Suliga, Eckhard"]
[Black "Krause, Holger"]
[Result "1-0"]
[WhiteElo "1757"]
[BlackElo "1327"]
[PlyCount "117"]
[EventDate "2015.08.15"]
[EventType "swiss"]
[EventRounds "9"]
[EventCountry "GER"]
[SourceTitle "EXT 2016"]
[Source "ChessBase"]
[SourceDate "2015.10.08"]
[SourceVersion "1"]
[SourceVersionDate "2015.10.08"]
[SourceQuality "1"]

1. e4 e5 2. Nf3 Nf6 3. Nxe5 d6 4. Nf3 Nxe4 5. d4 d5 6. Bd3 Nc6 7. c4 Bb4+ 8. Nbd2 Nxd2 9. Bxd2 Bxd2+ 10. Qxd2 dxc4 11. Bxc4 Qe7+ 12. Be2 0-0 13. 0-0 Rd8 14. Rad1 Qf6 15. Bb5 Bg4 16. Bxc6 Qxc6 17. Ne5 Qe6 18. f3 Bh5 19. b3 f6 20. Nc4 Qd5 21. Qf4 Rd7 22. Rd2 Rad8 23. Rfd1 Bg6 24. Kf2 c6 25. Ne3 Qd6 26. Qxd6 Rxd6 27. b4 a6 28. g3 Bf7 29. Nf5 R6d7 30. Ne3 Rd6 31. h4 g6 32. f4 f5 33. Ke1 h5 34. Kf2 Kg7 35. Nf1 Kf6 36. Nh2 Bd5 37. Nf3 Bxf3 38. Kxf3 Re8 39. a3 Rde6 40. Rd3 Re2 41. R1d2 Rxd2 42. Rxd2 Re1 43. d5 cxd5 44. Rxd5 Ke6 45. Rd3 Ke7 46. Kf2 Re6 47. Rc3 Rd6 48. Rc7+ Rd7 49. Rc3 Rd6 50. Ke2 Kd7 51. Ke3 b5 52. Rc5 Rc6 53. Rd5+ Rd6 54. Kd4 Kc6 55. Rxd6+ Kxd6 56. Ke3 Ke6 57. Kd4 Kd6 58. Ke3 Kd5 59. Kd3 1-0

[Event "Lueneburg op-B"]
[Site "Lueneburg"]
[Date "2015.08.19"]
[Round "5"]
[White "Krause, Holger"]
[Black "Schroeder, Guido"]
[Result "1-0"]
[WhiteElo "1327"]
[BlackElo "1768"]
[PlyCount "52"]
[EventDate "2015.08.15"]
[EventType "swiss"]
[EventRounds "9"]
[EventCountry "GER"]
[SourceTitle "EXT 2016"]
[Source "ChessBase"]
[SourceDate "2015.10.08"]
[SourceVersion "1"]
[SourceVersionDate "2015.10.08"]
[SourceQuality "1"]

1. e4 c5 2. Nc3 Nc6 3. g3 d6 4. Bg2 g6 5. d3 Bg7 6. Nge2 Bd7 7. 0-0 a6 8. Be3 Nf6 9. h3 Qc8 10. Kh2 Rb8 11. Qd2 h5 12. f4 0-0 13. Na4 b5 14. Nac3 b4 15. Nd5 Nxd5 16. exd5 Na7 17. Rab1 Nb5 18. Rfc1 a5 19. Qe1 a4 20. Bd2 Bf5 21. h4 Qd7 22. Be4 Bg4 23. c4 Bxe2 24. Qxe2 Nd4 25. Qf2 f5 26. Bg2 Bf6 1-0